[Event "Como Province-ch"]
[Site "Como"]
[Date "2012.01.22"]
[Round "3"]
[White "Cacia, Vincenzo"]
[Black "Pede, Lucio"]
[Result "0-1"]
[WhiteElo "1392"]
[BlackElo "1831"]
[PlyCount "40"]
[EventDate "2012.01.21"]
[EventType "swiss"]
[EventRounds "6"]
[EventCountry "ITA"]
[SourceTitle "EXT 2024"]
[Source "ChessBase"]
[SourceDate "2023.10.10"]
[SourceVersion "1"]
[SourceVersionDate "2023.10.10"]
[SourceQuality "1"]

1. e4 e5 2. Bc4 Nf6 3. Nc3 Bc5 4. h3 d6 5. Nf3 Be6 6. Bxe6 fxe6 7. 0-0 0-0 8. d3 Nc6 9. Bg5 Qe8 10. a3 Qg6 11. b4 Bd4 12. Qd2 h6 13. Bxf6 Rxf6 14. Nxd4 Nxd4 15. Kh2 Raf8 16. Rab1 Rf3 17. Nd1 R8f4 18. c3 Rxh3+ 19. Kxh3 Qh5+ 20. Kg3 Rg4# 0-1

[Event "Villa Guardia Coppa D'Oro 29th"]
[Site "Villa Guardia"]
[Date "2011.10.31"]
[Round "4"]
[White "Pede, Lucio"]
[Black "Carbone, Lorenzo"]
[Result "1-0"]
[WhiteElo "1830"]
[BlackElo "1759"]
[PlyCount "87"]
[EventDate "2011.10.30"]
[EventType "swiss"]
[EventRounds "6"]
[EventCountry "ITA"]
[SourceTitle "EXT 2024"]
[Source "ChessBase"]
[SourceDate "2023.10.10"]
[SourceVersion "1"]
[SourceVersionDate "2023.10.10"]
[SourceQuality "1"]

1. e4 c5 2. Nf3 d6 3. c3 e6 4. d4 cxd4 5. cxd4 Be7 6. Nc3 a6 7. Bd3 Nf6 8. 0-0 0-0 9. Qc2 h6 10. Be3 b5 11. Rfd1 Bb7 12. Rac1 Nbd7 13. e5 Bxf3 14. exf6 Bxd1 15. fxe7 Bxc2 16. exd8Q Rfxd8 17. Rxc2 d5 18. h3 Rac8 19. a3 Rc6 20. Ne2 Rxc2 21. Bxc2 Rc8 22. Bd3 Nb6 23. b3 Ra8 24. Bd2 Nd7 25. Bb4 Nb8 26. Bc5 Nd7 27. Nc3 Rc8 28. b4 Ra8 29. a4 bxa4 30. Nxa4 e5 31. Nb6 Nxb6 32. Bxb6 e4 33. Bc2 Rb8 34. Ba5 Rb7 35. Ba4 Re7 36. Bc6 e3 37. fxe3 Rxe3 38. Bxd5 Re7 39. Bc4 Ra7 40. Bb6 Ra8 41. d5 Kf8 42. d6 Ke8 43. Bc7 Ra7 44. Bd5 1-0

[Event "Villa Guardia Coppa D'Oro 29th"]
[Site "Villa Guardia"]
[Date "2011.10.30"]
[Round "1"]
[White "Gagliardi, Christian"]
[Black "Pede, Lucio"]
[Result "1-0"]
[WhiteElo "2253"]
[BlackElo "1830"]
[PlyCount "61"]
[EventDate "2011.10.30"]
[EventType "swiss"]
[EventRounds "6"]
[EventCountry "ITA"]
[SourceTitle "EXT 2024"]
[Source "ChessBase"]
[SourceDate "2023.10.10"]
[SourceVersion "1"]
[SourceVersionDate "2023.10.10"]
[SourceQuality "1"]

1. e4 e5 2. Nf3 Nc6 3. Bb5 d6 4. 0-0 Bg4 5. h3 Bh5 6. c3 Qf6 7. Be2 g5 8. d3 Bxf3 9. Bxf3 h5 10. Bxh5 Qh6 11. Bg4 Nf6 12. Be3 Be7 13. f3 Nh5 14. Na3 a6 15. Nc2 Nd8 16. Bf2 Ne6 17. Ne3 Nef4 18. Nf5 Qg6 19. Be3 Nf6 20. Qd2 Nxg4 21. fxg4 Bf6 22. Bxf4 gxf4 23. Qf2 0-0-0 24. Qa7 Rh7 25. Qa8+ Kd7 26. Qxb7 Rdh8 27. Rf3 Rxh3 28. Rxh3 Qxg4 29. Rxh8 f3 30. Qc8+ Kc6 31. Nd4+ 1-0

[Event "Villa Guardia Coppa D'Oro 29th"]
[Site "Villa Guardia"]
[Date "2011.10.30"]
[Round "2"]
[White "Pede, Lucio"]
[Black "Nipote, Mario"]
[Result "1-0"]
[WhiteElo "1830"]
[BlackElo "1578"]
[PlyCount "107"]
[EventDate "2011.10.30"]
[EventType "swiss"]
[EventRounds "6"]
[EventCountry "ITA"]
[SourceTitle "EXT 2024"]
[Source "ChessBase"]
[SourceDate "2023.10.10"]
[SourceVersion "1"]
[SourceVersionDate "2023.10.10"]
[SourceQuality "1"]

1. e4 c6 2. d4 d5 3. e5 c5 4. Nf3 Bg4 5. Be2 e6 6. c3 Nc6 7. h3 Bh5 8. 0-0 cxd4 9. cxd4 Be7 10. Be3 f6 11. Nc3 Bxf3 12. exf6 Bxe2 13. fxg7 Bxd1 14. gxh8Q Kd7 15. Rfxd1 h6 16. Ne2 Qf8 17. Qh7 Rc8 18. a3 Na5 19. Rac1 Nc4 20. Rc2 Nxe3 21. Rxc8 Kxc8 22. fxe3 Nf6 23. Qc2+ Kb8 24. Rc1 Bd6 25. Nc3 a6 26. Rf1 Qg7 27. Qf2 Nd7 28. Qf7 Qxf7 29. Rxf7 Kc7 30. e4 e5 31. Nxd5+ Kc6 32. Ne7+ Kc7 33. d5 a5 34. Ng8 Kd8 35. Rxd7+ Kxd7 36. Nxh6 a4 37. Nf7 Bc5+ 38. Kf1 Bd4 39. Ke2 Bxb2 40. Kd3 Bxa3 41. Nxe5+ Kc7 42. Nc4 Bf8 43. e5 b5 44. d6+ Kc6 45. Nd2 Kd5 46. Nf3 a3 47. Kc3 Kc5 48. h4 b4+ 49. Kb3 Kd5 50. h5 Ke6 51. g4 Kf7 52. Nd4 Bh6 53. e6+ Ke8 54. d7+ 1-0

[Event "Como Province-ch"]
[Site "Villa Guardia"]
[Date "2010.01.24"]
[Round "4"]
[White "Pede, Lucio"]
[Black "Falchi, Claudio"]
[Result "1-0"]
[WhiteElo "1904"]
[BlackElo "1623"]
[PlyCount "127"]
[EventDate "2010.01.23"]
[EventType "swiss"]
[EventRounds "6"]
[EventCountry "ITA"]
[SourceTitle "EXT 2024"]
[Source "ChessBase"]
[SourceDate "2023.10.10"]
[SourceVersion "1"]
[SourceVersionDate "2023.10.10"]
[SourceQuality "1"]

1. e4 e6 2. d4 d5 3. Nc3 Bb4 4. a3 Bxc3+ 5. bxc3 dxe4 6. Qg4 Nf6 7. Qxg7 Rg8 8. Qh6 c5 9. Qd2 Qa5 10. Rb1 cxd4 11. Qxd4 Qd8 12. g3 Qxd4 13. cxd4 b6 14. Bg2 Bb7 15. Ne2 Nc6 16. 0-0 Ba6 17. Re1 Bxe2 18. Rxe2 Nxd4 19. Rd2 Nf3+ 20. Bxf3 exf3 21. Rd3 Rd8 22. Rxd8+ Kxd8 23. Rb3 Ke7 24. Rxf3 Nd5 25. c4 Rc8 26. Bg5+ f6 27. cxd5 fxg5 28. Re3 Rc1+ 29. Kg2 Rd1 30. Rxe6+ Kf7 31. Rc6 Rxd5 32. Rc7+ Kg6 33. Rxa7 Rd3 34. Ra6 Rb3 35. g4 h5 36. gxh5+ Kxh5 37. a4 Kg4 38. a5 bxa5 39. Rxa5 Rd3 40. h3+ Kf4 41. Ra4+ Kf5 42. Ra8 Kg6 43. f3 Rd1 44. Ra4 Rd2+ 45. Kg3 Rd1 46. h4 gxh4+ 47. Rxh4 Rg1+ 48. Kf4 Rb1 49. Rh8 Kg7 50. Re8 Kf7 51. Re5 Kf6 52. Rf5+ Ke6 53. Ra5 Kf6 54. Ra6+ Kf7 55. Kf5 Rb5+ 56. Kg4 Rb1 57. f4 Rb4 58. Kg5 Rb1 59. Ra7+ Kg8 60. f5 Rg1+ 61. Kf6 Rb1 62. Ra8+ Kh7 63. Kf7 Rb7+ 64. Kf8 1-0

[Event "Como Province-ch"]
[Site "Villa Guardia"]
[Date "2010.01.24"]
[Round "3"]
[White "Pede, Lucio"]
[Black "Ghelfi, Giancarlo"]
[Result "1/2-1/2"]
[WhiteElo "1904"]
[BlackElo "1690"]
[PlyCount "56"]
[EventDate "2010.01.23"]
[EventType "swiss"]
[EventRounds "6"]
[EventCountry "ITA"]
[SourceTitle "EXT 2024"]
[Source "ChessBase"]
[SourceDate "2023.10.10"]
[SourceVersion "1"]
[SourceVersionDate "2023.10.10"]
[SourceQuality "1"]

1. e4 c5 2. c3 Nc6 3. d4 cxd4 4. cxd4 d6 5. Nf3 Nf6 6. Nc3 a6 7. d5 Nb8 8. Bd2 Nbd7 9. Qa4 Rb8 10. Rc1 b5 11. Qc2 Bb7 12. b4 g6 13. Bd3 Bg7 14. 0-0 0-0 15. Ne2 Ng4 16. Nfd4 Nge5 17. f4 Rc8 18. Qb1 Nxd3 19. Qxd3 Nb6 20. f5 Nc4 21. fxg6 hxg6 22. Rf3 Ne5 23. Qa3 Rxc1+ 24. Qxc1 Nxf3+ 25. Nxf3 Qb6+ 26. Kh1 Rc8 27. Qe1 e5 28. h3 Rc2 1/2-1/2

[Event "Como Province-ch"]
[Site "Villa Guardia"]
[Date "2010.01.23"]
[Round "1"]
[White "Raineri, Roberto"]
[Black "Pede, Lucio"]
[Result "1-0"]
[WhiteElo "1677"]
[BlackElo "1904"]
[PlyCount "91"]
[EventDate "2010.01.23"]
[EventType "swiss"]
[EventRounds "6"]
[EventCountry "ITA"]
[SourceTitle "EXT 2024"]
[Source "ChessBase"]
[SourceDate "2023.10.10"]
[SourceVersion "1"]
[SourceVersionDate "2023.10.10"]
[SourceQuality "1"]

1. d4 d5 2. c4 c6 3. Nf3 Bd7 4. cxd5 cxd5 5. Nc3 e6 6. e3 Nf6 7. Bd3 Nc6 8. 0-0 Rc8 9. Re1 Bb4 10. Bd2 Bxc3 11. Bxc3 Ne4 12. Rc1 0-0 13. Qb3 Rc7 14. Bb4 Nxb4 15. Qxb4 Qc8 16. Rxc7 Qxc7 17. Ne5 Rc8 18. Re2 a5 19. Qe1 Qd8 20. f3 Nd6 21. Nxd7 Qxd7 22. Qxa5 Rc1+ 23. Re1 Rc7 24. Qd2 Qc8 25. h3 g6 26. b3 Rc3 27. e4 dxe4 28. fxe4 Rc7 29. e5 Ne8 30. Bc4 Ng7 31. a4 Nf5 32. d5 exd5 33. Qxd5 Rd7 34. Qf3 Rd2 35. e6 Qc5+ 36. Kh1 Rf2 37. exf7+ Kg7 38. Qc3+ Kh6 39. b4 Qd6 40. Qe5 Qxe5 41. Rxe5 Nd6 42. Bd5 Nxf7 43. Re7 Nd6 44. Bxb7 Nxb7 45. Rxb7 Kg5 46. g3 1-0

[Event "Villa Guardia Coppa d'Oro 27th"]
[Site "Villa Guardia"]
[Date "2009.11.14"]
[Round "7"]
[White "Pede, Lucio"]
[Black "Larghi, Riccardo"]
[Result "0-1"]
[WhiteElo "1943"]
[BlackElo "1864"]
[PlyCount "68"]
[EventDate "2009.10.09"]
[EventType "swiss"]
[EventRounds "8"]
[EventCountry "ITA"]
[SourceTitle "EXT 2024"]
[Source "ChessBase"]
[SourceDate "2023.10.10"]
[SourceVersion "1"]
[SourceVersionDate "2023.10.10"]
[SourceQuality "1"]

1. e4 c5 2. c3 d5 3. exd5 Qxd5 4. d4 Nf6 5. Nf3 Bg4 6. Be2 e6 7. c4 Qd7 8. Be3 cxd4 9. Nxd4 Bxe2 10. Qxe2 Nc6 11. Nb5 a6 12. N5c3 Be7 13. 0-0 Nd4 14. Bxd4 Qxd4 15. Rd1 Qf4 16. h3 0-0 17. Nd2 Rac8 18. b3 b5 19. Nxb5 axb5 20. cxb5 Nd5 21. Qf3 Bf6 22. Qxf4 Nxf4 23. a4 Bxa1 24. Rxa1 Ne2+ 25. Kh1 Rfd8 26. b6 Rxd2 27. a5 Nd4 28. a6 Nb5 29. Ra5 Rd5 30. b4 Kf8 31. b7 Rb8 32. Ra1 Na7 33. Rc1 Rb5 34. Rc4 Rb6 0-1

[Event "Villa Guardia Coppa d'Oro 27th"]
[Site "Villa Guardia"]
[Date "2009.11.07"]
[Round "6"]
[White "Lotti, Riccardo"]
[Black "Pede, Lucio"]
[Result "0-1"]
[WhiteElo "1356"]
[BlackElo "1943"]
[PlyCount "56"]
[EventDate "2009.10.09"]
[EventType "swiss"]
[EventRounds "8"]
[EventCountry "ITA"]
[SourceTitle "EXT 2024"]
[Source "ChessBase"]
[SourceDate "2023.10.10"]
[SourceVersion "1"]
[SourceVersionDate "2023.10.10"]
[SourceQuality "1"]

1. Nf3 c5 2. g3 d5 3. d3 Nc6 4. Bg2 Nf6 5. 0-0 Bd7 6. Nbd2 Qc8 7. c3 Bh3 8. Re1 Bxg2 9. Kxg2 h5 10. h4 e5 11. e4 d4 12. Qa4 Be7 13. cxd4 cxd4 14. Nxe5 Kf8 15. Nxc6 Qxc6 16. Qxd4 Ng4 17. f3 Bc5 18. Qc3 Ne3+ 19. Kh2 Nc2 20. Rf1 Nxa1 21. Qe5 Nc2 22. Nc4 Nd4 23. Be3 Re8 24. Qf4 Ne6 25. Bxc5+ Qxc5 26. Qd2 Rd8 27. d4 Qxc4 28. Qa5 Qxd4 0-1

[Event "Villa Guardia Coppa d'Oro 27th"]
[Site "Villa Guardia"]
[Date "2009.10.31"]
[Round "5"]
[White "Pede, Lucio"]
[Black "Cairoli, Camillo"]
[Result "0-1"]
[WhiteElo "1943"]
[BlackElo "1955"]
[PlyCount "58"]
[EventDate "2009.10.09"]
[EventType "swiss"]
[EventRounds "8"]
[EventCountry "ITA"]
[SourceTitle "EXT 2024"]
[Source "ChessBase"]
[SourceDate "2023.10.10"]
[SourceVersion "1"]
[SourceVersionDate "2023.10.10"]
[SourceQuality "1"]

1. e4 c5 2. Nc3 d6 3. Nge2 Nf6 4. d4 cxd4 5. Nxd4 a6 6. Bd3 b5 7. Bd2 e6 8. Qf3 Bb7 9. Nce2 Nbd7 10. Nb3 Nc5 11. Ng3 Nxd3+ 12. cxd3 Rc8 13. 0-0 Be7 14. Rac1 0-0 15. Rxc8 Qxc8 16. Rc1 Qd7 17. Qd1 Rc8 18. Na5 Ba8 19. Rc2 Bd8 20. Qc1 Rxc2 21. Qxc2 h5 22. h3 Bb6 23. Nb3 Qc7 24. Qd1 d5 25. Nxh5 Nxh5 26. Qxh5 dxe4 27. dxe4 Bxe4 28. Bc3 Qg3 29. Qg4 Qxf2+ 0-1

[Event "Villa Guardia Coppa d'Oro 27th"]
[Site "Villa Guardia"]
[Date "2009.10.09"]
[Round "1"]
[White "Pede, Lucio"]
[Black "Raineri, Roberto"]
[Result "1-0"]
[WhiteElo "1943"]
[BlackElo "1677"]
[PlyCount "29"]
[EventDate "2009.10.09"]
[EventType "swiss"]
[EventRounds "8"]
[EventCountry "ITA"]
[SourceTitle "EXT 2024"]
[Source "ChessBase"]
[SourceDate "2023.10.10"]
[SourceVersion "1"]
[SourceVersionDate "2023.10.10"]
[SourceQuality "1"]

1. e4 c5 2. c3 Nc6 3. d4 cxd4 4. cxd4 Nf6 5. e5 Nd5 6. Nc3 Nxc3 7. bxc3 d6 8. e6 f6 9. d5 Ne5 10. Qa4+ Bd7 11. exd7+ Nxd7 12. Nf3 a6 13. Nd4 Qc7 14. Bd2 b5 15. Bxb5 1-0

[Event "Falconara Marche Estate op-A 3rd"]
[Site "Falconara Marittima"]
[Date "2008.06.??"]
[Round "3"]
[White "Procacci, Sergio"]
[Black "Pede, Lucio"]
[Result "1-0"]
[WhiteElo "2000"]
[BlackElo "1706"]
[PlyCount "47"]
[EventDate "2008.06.21"]
[EventType "swiss"]
[EventRounds "6"]
[EventCountry "ITA"]
[SourceTitle "EXT 2010"]
[Source "ChessBase"]
[SourceDate "2010.11.25"]
[SourceVersion "1"]
[SourceVersionDate "2010.11.25"]
[SourceQuality "1"]

1. e4 e5 2. f4 exf4 3. Nf3 d5 4. exd5 Bg4 5. Bb5+ c6 6. dxc6 bxc6 7. Qe2+ Qe7 8. Bc4 Bxf3 9. gxf3 Qxe2+ 10. Kxe2 Be7 11. d3 g5 12. h4 f6 13. Nc3 Kf8 14. Bd2 h5 15. Ne4 Nd7 16. hxg5 fxg5 17. Bc3 Rh6 18. Rag1 Re8 19. Kd2 g4 20. fxg4 hxg4 21. Rxg4 Ngf6 22. Nxf6 Nxf6 23. Rxh6 f3 24. Rh8+ 1-0

[Event "Como Primavera op"]
[Site "Como"]
[Date "2008.02.29"]
[Round "3"]
[White "Corti, Filippo"]
[Black "Pede, Lucio"]
[Result "1/2-1/2"]
[WhiteElo "1592"]
[BlackElo "1664"]
[PlyCount "35"]
[EventDate "2008.02.15"]
[EventType "swiss"]
[EventRounds "7"]
[EventCountry "ITA"]
[SourceTitle "EXT 2009"]
[Source "ChessBase"]
[SourceDate "2008.11.26"]
[SourceVersion "1"]
[SourceVersionDate "2008.11.26"]
[SourceQuality "1"]

1. Nf3 c5 2. g3 d5 3. Bg2 Nf6 4. d3 e6 5. Nbd2 Be7 6. 0-0 Nc6 7. Re1 Bd7 8. e4 d4 9. a4 b6 10. Nc4 Rc8 11. Bf4 0-0 12. Nd6 Bxd6 13. Bxd6 Ne7 14. e5 Ne8 15. Bxe7 Qxe7 16. b3 Bc6 17. Qd2 Qb7 18. Nh4 1/2-1/2

[Event "CO Province-ch"]
[Site "Mariano Comense"]
[Date "2008.01.27"]
[Round "5"]
[White "Pede, Lucio"]
[Black "Coppola, Guido"]
[Result "1/2-1/2"]
[WhiteElo "1664"]
[BlackElo "2065"]
[PlyCount "115"]
[EventDate "2008.01.19"]
[EventType "swiss"]
[EventRounds "6"]
[EventCountry "ITA"]
[SourceTitle "EXT 2009"]
[Source "ChessBase"]
[SourceDate "2008.11.26"]
[SourceVersion "1"]
[SourceVersionDate "2008.11.26"]
[SourceQuality "1"]

1. e4 c5 2. Nc3 d6 3. b3 Nf6 4. Bb2 e6 5. Nf3 Be7 6. e5 dxe5 7. Bb5+ Nbd7 8. Nxe5 0-0 9. Nxd7 Bxd7 10. Bxd7 Qxd7 11. 0-0 Rfd8 12. d3 Qc6 13. Qe2 b5 14. Ne4 Nxe4 15. dxe4 c4 16. bxc4 bxc4 17. Bc3 Rd7 18. f3 e5 19. Kh1 f6 20. Rfd1 Rad8 21. Rxd7 Rxd7 22. Rd1 Rxd1+ 23. Qxd1 Bc5 24. h3 Kf7 25. Qd2 Qb7 26. Qd1 Ke7 27. Kh2 Qc6 28. Qb1 Qd6 29. Qb7+ Qd7 30. Qa6 Qc7 31. Qb5 Bb6 32. Bb4+ Kf7 33. Qd5+ Kg6 34. Kg3 Qf7 35. Qc6 Be3 36. Qc8 h5 37. Qf5+ Kh6 38. Qc8 Qg6+ 39. Kh2 Bf4+ 40. Kg1 Qg3 41. Qh8+ Kg6 42. Qe8+ Kg5 43. Qd7 g6 44. Qxa7 Qh2+ 45. Kf1 Qh1+ 46. Qg1 Qxg1+ 47. Kxg1 Be3+ 48. Kf1 Kf4 49. a4 Bd4 50. Be7 f5 51. exf5 gxf5 52. Bd8 e4 53. fxe4 Kxe4 54. a5 Kd5 55. Ke2 Kc6 56. Kf3 Be5 57. Ke3 Kb5 58. Kf3 1/2-1/2

[Event "CO Province-ch"]
[Site "Mariano Comense"]
[Date "2008.01.20"]
[Round "3"]
[White "Pede, Lucio"]
[Black "Moioli, Ferruccio"]
[Result "1-0"]
[WhiteElo "1664"]
[BlackElo "1566"]
[PlyCount "63"]
[EventDate "2008.01.19"]
[EventType "swiss"]
[EventRounds "6"]
[EventCountry "ITA"]
[SourceTitle "EXT 2009"]
[Source "ChessBase"]
[SourceDate "2008.11.26"]
[SourceVersion "1"]
[SourceVersionDate "2008.11.26"]
[SourceQuality "1"]

1. e4 e5 2. Nf3 Nc6 3. Bc4 d6 4. h3 h6 5. c3 Nf6 6. Qb3 Qd7 7. d3 Na5 8. Qc2 Nxc4 9. dxc4 Qc6 10. Nfd2 Be6 11. b3 Be7 12. 0-0 Qd7 13. Kh2 g5 14. Rd1 Nh5 15. Nf1 Nf4 16. Bxf4 gxf4 17. Nbd2 Rg8 18. Nf3 f5 19. Nxe5 Qc8 20. Nf3 Bf6 21. Re1 Qd7 22. exf5 0-0-0 23. Rxe6 Qg7 24. Ne1 Be5 25. Rg6 Qf7 26. Rxg8 f3+ 27. Rg3 fxg2 28. Kxg2 Bxg3 29. Nxg3 Rg8 30. Nf3 h5 31. h4 Qf6 32. Qe4 1-0

[Event "Villa Guardia D Oro Cup 25th"]
[Site "Villa Guardia"]
[Date "2007.10.12"]
[Round "2"]
[White "Moioli, Ferruccio"]
[Black "Pede, Lucio"]
[Result "0-1"]
[WhiteElo "1521"]
[BlackElo "1658"]
[PlyCount "60"]
[EventDate "2007.10.05"]
[EventType "swiss"]
[EventRounds "7"]
[EventCountry "ITA"]
[SourceTitle "EXT 2010"]
[Source "ChessBase"]
[SourceDate "2010.11.25"]
[SourceVersion "1"]
[SourceVersionDate "2010.11.25"]
[SourceQuality "1"]

1. d4 d5 2. Nc3 e6 3. a3 Nf6 4. Bg5 h6 5. Bh4 Be7 6. Bg3 c6 7. e3 b6 8. Be2 Ba6 9. Nf3 Bxe2 10. Qxe2 Nbd7 11. e4 0-0 12. h3 Rc8 13. 0-0 c5 14. Rae1 Nxe4 15. Nxe4 dxe4 16. Qxe4 Nf6 17. Qd3 c4 18. Qd2 Nd5 19. c3 b5 20. Bf4 a5 21. Re4 b4 22. Bxh6 Nf6 23. Bxg7 Nxe4 24. Qh6 f6 25. Nh4 Qd5 26. Ng6 Bd6 27. Qh8+ Kf7 28. Qh7 Ng5 29. Qh5 Nf3+ 30. Qxf3 Qxf3 0-1

[Event "Villa Guardia D Oro Cup 25th"]
[Site "Villa Guardia"]
[Date "2007.10.05"]
[Round "1"]
[White "Pede, Lucio"]
[Black "Colombo, Alberto E"]
[Result "0-1"]
[WhiteElo "1658"]
[BlackElo "2099"]
[PlyCount "100"]
[EventDate "2007.10.05"]
[EventType "swiss"]
[EventRounds "7"]
[EventCountry "ITA"]
[SourceTitle "EXT 2010"]
[Source "ChessBase"]
[SourceDate "2010.11.25"]
[SourceVersion "1"]
[SourceVersionDate "2010.11.25"]
[SourceQuality "1"]

1. e4 e6 2. d4 d5 3. exd5 exd5 4. Nf3 Bd6 5. c4 c6 6. c5 Bc7 7. Bd3 Ne7 8. 0-0 0-0 9. Qc2 h6 10. Re1 Nd7 11. Bh7+ Kh8 12. Qe2 Kxh7 13. Qxe7 Qxe7 14. Rxe7 Bd8 15. Re2 b6 16. b4 Bf6 17. Ne5 Nxe5 18. dxe5 Re8 19. Bf4 bxc5 20. bxc5 g5 21. Bg3 Ba6 22. Re1 Be7 23. Rc1 f5 24. f4 Rab8 25. Nd2 Rb2 26. Nb3 Bc4 27. fxg5 hxg5 28. Bf2 Bd8 29. Re1 Bc7 30. Bd4 Rc2 31. g3 Bd3 32. e6 Be4 33. Bf2 Be5 34. Nd4 Bxd4 35. Bxd4 Rxe6 36. Bf2 Re7 37. Rec1 Rb2 38. Rc3 Kg6 39. Rb3 Rd2 40. Rb8 d4 41. Rg8+ Kf6 42. h4 gxh4 43. gxh4 Rg7+ 44. Rxg7 Kxg7 45. a4 Kg6 46. Rc1 Kh5 47. Kf1 d3 48. Be3 Ra2 49. Rc4 Kg4 50. Ke1 Re2+ 0-1

[Event "Como Province-ch"]
[Site "Como"]
[Date "2006.02.12"]
[Round "2"]
[White "Panzetta, Vieri"]
[Black "Pede, Lucio"]
[Result "1/2-1/2"]
[WhiteElo "1462"]
[BlackElo "1715"]
[PlyCount "60"]
[EventDate "2006.02.11"]
[EventType "swiss"]
[EventRounds "6"]
[EventCountry "ITA"]
[SourceTitle "EXT 2024"]
[Source "ChessBase"]
[SourceDate "2023.10.10"]
[SourceVersion "1"]
[SourceVersionDate "2023.10.10"]
[SourceQuality "1"]

1. e4 e5 2. Nf3 Nc6 3. Bb5 a6 4. Bxc6 bxc6 5. d4 exd4 6. Nxd4 c5 7. Nf3 Be7 8. Nc3 d6 9. 0-0 c6 10. h3 h6 11. b3 Be6 12. Bb2 Nf6 13. e5 Nh7 14. exd6 Qxd6 15. Qxd6 Bxd6 16. Ne4 Bf8 17. c4 0-0-0 18. Rad1 Rg8 19. Rxd8+ Kxd8 20. Rd1+ Kc7 21. Be5+ Kb6 22. Rd8 f6 23. Bd6 Bxd6 24. Rxg8 Bxg8 25. Nxd6 Be6 26. Ne8 g5 27. Ng7 Bf7 28. Nf5 h5 29. Ng7 Ka7 30. a3 h4 1/2-1/2

[Event "Como Province-ch"]
[Site "Como"]
[Date "2006.02.11"]
[Round "1"]
[White "Pede, Lucio"]
[Black "Gagliardi, Christian"]
[Result "0-1"]
[WhiteElo "1715"]
[BlackElo "2114"]
[PlyCount "70"]
[EventDate "2006.02.11"]
[EventType "swiss"]
[EventRounds "6"]
[EventCountry "ITA"]
[SourceTitle "EXT 2024"]
[Source "ChessBase"]
[SourceDate "2023.10.10"]
[SourceVersion "1"]
[SourceVersionDate "2023.10.10"]
[SourceQuality "1"]

1. e4 g6 2. d4 Bg7 3. Nf3 d6 4. Bc4 a6 5. a4 Nf6 6. Nbd2 0-0 7. 0-0 Nc6 8. c3 e5 9. dxe5 dxe5 10. b4 Nh5 11. Nb3 Qxd1 12. Rxd1 Bg4 13. Be2 b6 14. Be3 a5 15. b5 Nd8 16. c4 Nf4 17. Kf1 Nxe2 18. Kxe2 f5 19. Kd3 fxe4+ 20. Kxe4 Bf5+ 21. Kd5 Rf6 22. c5 Be6+ 23. Ke4 Bxb3 24. Rd7 Bc2+ 25. Kd5 c6+ 26. Kc4 cxb5+ 27. Kxb5 bxc5 28. Ra2 Rb8+ 29. Kxa5 Nc6+ 30. Ka6 Bb3 31. Rb2 Bc4+ 32. Rb5 e4 33. Rxg7+ Kxg7 34. Nd2 Bxb5+ 35. axb5 Nd4+ 0-1

[Event "Bergamo op 1st"]
[Site "Bergamo"]
[Date "2002.07.27"]
[Round "3"]
[White "Pede, Lucio"]
[Black "Del Monte, Jorge Luis"]
[Result "0-1"]
[WhiteElo "1645"]
[BlackElo "2046"]
[PlyCount "50"]
[EventDate "2002.07.26"]
[EventType "swiss"]
[EventRounds "6"]
[EventCountry "ITA"]
[SourceTitle "EXT 2007"]
[Source "ChessBase"]
[SourceDate "2006.11.23"]
[SourceVersion "1"]
[SourceVersionDate "2006.11.23"]
[SourceQuality "1"]

1. e4 c5 2. c3 Nf6 3. e5 Nd5 4. c4 Nc7 5. Nc3 Nc6 6. Nf3 g6 7. Bd3 Bg7 8. Qe2 0-0 9. h4 d5 10. h5 Bg4 11. hxg6 fxg6 12. cxd5 Nxe5 13. Be4 e6 14. dxe6 Nxe6 15. Bd5 Qd6 16. Rh4 Rae8 17. Kf1 Kh8 18. d3 Nxf3 19. Bxf3 Nd4 20. Qd1 Nxf3 21. gxf3 Bxf3 22. Qd2 Qe7 23. Rh3 Qe6 24. Rh4 Qf5 25. a4 Be2+ 0-1